Brooklyn Nets: Most Dunks Each Year - Statistics

General Stats
  • This quiz has been taken 262 times
    67 since last reset
  • The average score is 13 of 23
Answer Stats
Year Player Dunks % Correct
2008-2009 Brook Lopez 130
89%
2009-2010 Brook Lopez 126
89%
2012-2013 Brook Lopez 97
89%
2015-2016 Brook Lopez 53
89%
2016-2017 Brook Lopez 55
89%
2021-2022 Nic Claxton 88
79%
2022-2023 Nic Claxton 191
79%
2023-2024 Nic Claxton 172
79%
2004-2005 Vince Carter 59
61%
2018-2019 Jarrett Allen 170
55%
2019-2020 Jarrett Allen 177
55%
2001-2002 Kenyon Martin 155
55%
2002-2003 Kenyon Martin 170
55%
2003-2004 Kenyon Martin 134
55%
2017-2018 Jarrett Allen 117
54%
2005-2006 Richard Jefferson 121
48%
2007-2008 Richard Jefferson 90
48%
2020-2021 DeAndre Jordan 137
39%
2010-2011 Kris Humphries 99
14%
2011-2012 Kris Humphries 92
14%
2013-2014 Mason Plumlee 116
9%
2014-2015 Mason Plumlee 108
9%
2006-2007 Mikki Moore 101
7%
No matching quizzes found
Score Distribution
Percent of People with Each Score
Percentile by Number Answered
Your Score History
You have not taken this quiz since the last reset